00364 2200145 4500001002100000008004100021035002000062245002900082100001500111260002800126300002200154020002200176082000800198990001200206INLIS000000000002789 IND  a0010-0925000136 aWhite SunsetcNikmatusai aNikmatusai aJakartabEuthaniac2016 a160c(13 x 19 cm) a978-602-398-027-7 a813 a0755011